|
|
|
|
| LEADER |
00000nam0a2200000 4500 |
| 001 |
199007 |
| 005 |
20231101224844.0 |
| 010 |
|
|
|b 1000 экз.
|
| 035 |
|
|
|a (RuTPU)RU\TPU\book\217028
|
| 090 |
|
|
|a 199007
|
| 100 |
|
|
|a 20110719d1958 m y0rusy50 ca
|
| 101 |
0 |
|
|a rus
|
| 102 |
|
|
|a RU
|
| 105 |
|
|
|a a z 000zy
|
| 200 |
1 |
|
|a ДВПИ за 40 лет (1918-1958 гг.)
|e Сборник статей к сорокалетию института
|f Министерство высшего образования СССР; Дальневосточный политехнический институт имени В. В. Куйбышева ; под ред. Р. А. Гуткина
|
| 210 |
|
|
|a Владивосток
|c Тип. ДВПИ
|d 1958
|
| 215 |
|
|
|a 72 с.
|c ил.
|
| 610 |
1 |
|
|a техническое образование
|
| 610 |
1 |
|
|a высшая школа
|
| 610 |
1 |
|
|a высшее образование
|
| 610 |
1 |
|
|a Дальний Восток
|
| 610 |
1 |
|
|a развитие
|
| 610 |
1 |
|
|a 20 век
|
| 610 |
1 |
|
|a выпускники ТПУ
|
| 610 |
1 |
|
|a история
|
| 686 |
|
|
|a Ч483
|v LBC/SL-A
|2 rubbk
|
| 702 |
|
1 |
|a Гуткин
|b Р. А.
|4 340
|
| 712 |
0 |
2 |
|a Дальневосточный политехнический институт
|2 stltpush
|3 (RuTPU)RU\TPU\col\6441
|9 24242
|
| 801 |
|
1 |
|a RU
|b 63413507
|c 20110719
|
| 801 |
|
2 |
|a RU
|b 63413507
|c 20190129
|g RCR
|
| 942 |
|
|
|c BK
|